Statistics for Municipalities of Angola with a Map

Click here to take the quiz!

General Stats

  • This quiz has been taken 56 times
  • The average score is 59 of 164

Answers on the Map

Answers color-coded by a green-red scale on the quiz's map according to % correct below.
 

Answer Stats

ProvinceMunicipality% Correct
MoxicoLéua
93%
LuandaLuanda
93%
CabindaCabinda
88%
BenguelaBenguela
75%
HuamboHuambo
73%
MalanjeMalanje
60%
LuandaIcolo e Bengo
58%
NamibeNamibe
58%
BenguelaLobito
53%
UígeUíge
53%
HuílaLubango
50%
BiéCuito
45%
Cuanza SulSumbe
45%
BengoAmbriz
43%
CabindaBelize
43%
MoxicoLuena
43%
Cuando CubangoMenongue
43%
Lunda SulSaurimo
43%
Cuanza SulAmboim
40%
LuandaBelas
40%
BenguelaCatumbela
40%
Cuanza SulCela
40%
BenguelaCubal
40%
Cuanza SulLibolo
40%
ZaireSoyo
40%
Cuanza NorteAmbaca
38%
BiéAndulo
38%
BenguelaBaía Farta
38%
Cuanza NorteBanga
38%
Cuanza NorteBolongongo
38%
CabindaBuco Zau
38%
BengoBula-Atumba
38%
HuamboCaála
38%
CabindaCacongo
38%
Cuanza NorteCambambe
38%
Cuanza SulCassongue
38%
Cuanza NorteCazengo
38%
Cuanza SulConda
38%
UígeDamba
38%
BengoDande
38%
BengoDembos-Quibaxe
38%
Cuanza SulEbo
38%
BenguelaGanda
38%
Cuanza NorteGolungo Alto
38%
Cuanza NorteLucala
38%
UígeMaquela do Zombo
38%
Cuanza SulMussende
38%
BengoNambuangongo
38%
Cuanza NorteNgonguembo
38%
BengoPango-Aluquém
38%
Cuanza SulQuibala
38%
Cuanza NorteQuiculungo
38%
Cuanza SulQuilenda
38%
Cuanza NorteSamba Cajú
38%
Cuanza SulSeles
38%
HuamboBailundo
35%
BenguelaBalombo
35%
BenguelaBocoio
35%
LuandaCacuaco
35%
BenguelaCaimbambo
35%
Cuando CubangoCalai
35%
BiéCamacupa
35%
BiéCatabola
35%
BiéChinguar
35%
BiéChitembo
35%
BenguelaChongoroi
35%
Cuando CubangoCuangar
35%
Cuando CubangoCuchi
35%
BiéCuemba
35%
Cuando CubangoCuito Cuanavale
35%
BiéCunhinga
35%
Lunda SulDala
35%
Cuando CubangoDirico
35%
Cuando CubangoMavinga
35%
Cuando CubangoNancova
35%
BiéN'harea
35%
LuandaQuissama
35%
Cuando CubangoRivungo
35%
UígeSongo
35%
LuandaViana
35%
NamibeBibala
33%
MoxicoBundas
33%
UígeBungo
33%
Lunda SulCacolo
33%
CuneneCahama
33%
MalanjeCahombo
33%
MalanjeCalandula
33%
MalanjeCambundi-Catembo
33%
Lunda NorteCapenda-Camulemba
33%
Lunda NorteCaungula
33%
LuandaCazenga
33%
HuílaChibia
33%
Lunda NorteChitato
33%
Lunda NorteCuango
33%
CuneneCuanhama
33%
Lunda NorteCuilo
33%
ZaireCuimba
33%
CuneneCuroca
33%
CuneneCuvelai
33%
HuamboLongonjo
33%
Lunda NorteLóvua
33%
MoxicoLuacano
33%
MoxicoLuau
33%
Lunda NorteLucapa
33%
MalanjeMarimba
33%
ZaireMbanza Congo
33%
MalanjeMucari
33%
CuneneNamacunde
33%
ZaireN'Zeto
33%
CuneneOmbadja
33%
UígePuri
33%
MalanjeQuela
33%
UígeQuimbele
33%
MalanjeQuirima
33%
LuandaTalatona
33%
NamibeVirei
33%
Lunda NorteXá-Muteba
33%
MoxicoAlto Zambeze
30%
UígeAmbuíla
30%
UígeBembe
30%
UígeBuengas
30%
HuílaCaconda
30%
MalanjeCacuso
30%
HuílaCaluquembe
30%
MoxicoCamanongue
30%
Lunda NorteCambulo
30%
MoxicoCameia
30%
MalanjeCangandala
30%
UígeCangola
30%
HuílaChicomba
30%
HuílaChipindo
30%
MalanjeCunda-dia-Baze
30%
HuílaCuvango
30%
HuamboEcunha
30%
HuílaGambos
30%
HuílaHumpata
30%
HuílaJamba
30%
HuamboLonduimbale
30%
Lunda NorteLubalo
30%
MoxicoLuchazes
30%
MalanjeLuquembo
30%
MalanjeMassango
30%
HuílaMatala
30%
UígeMucaba
30%
Lunda SulMuconda
30%
HuamboMungo
30%
UígeNegage
30%
ZaireNóqui
30%
Cuanza SulPorto Amboim
30%
LuandaQuilamba Quiaxi
30%
HuílaQuilengues
30%
HuílaQuipungo
30%
UígeQuitexe
30%
UígeSanza Pombo
30%
HuamboTchikala-Tcholohanga
30%
ZaireTomboco
30%
HuamboUkuma
28%
HuílaCacula
25%
NamibeCamucuio
25%
HuamboCatchiungo
25%
MalanjeKiuaba-N'Zoji
25%
UígeMilunga
25%
HuamboTchinjenje
25%
NamibeTômbwa
25%

Score Distribution

Percentile by Number Answered

Percent of People with Each Score

Your Score History

You have not taken this quiz